000 01138nam a22003017a 4500
999 _c145900
_d145900
005 20181006122023.0
010 _a1718EN-30 ENG-121412 B-709304
020 _c750.00
_a9789325982291
035 _aEN-104944
035 _aB-709304
035 _aB-686374-382
037 _bAsian
_adpl
037 _bL/RP/RK Books
_aDpl
037 _bDBAD/PUB
082 _a658.15
100 _aPandey, I. M.
245 _aFinancial management /
_cby I. M. Pandey
250 _a11th ed 2018(repr)
260 _aNew Delhi
_bVikas Publishing House
_c2017
270 _bNew Delhi
_e110002
_a5, Ansari Road, Darya Ganj
300 _axxiv,921p.
_c27cm(pbk)
500 _aIncludes index
650 _aManagerial accounting
650 _aSaving and investment
942 _2ddc
_cEN
_h658.15
_mPAN